RICS valuation (Record no. 115351)

MARC details
000 -LEADER
fixed length control field 01133cad a22002535a 4500
001 - CONTROL NUMBER
control field L158506
008 - FIXED-LENGTH DATA ELEMENTS--GENERAL INFORMATION
fixed length control field 150401s2014 xxk f f 001 0 eng d
020 ## - INTERNATIONAL STANDARD BOOK NUMBER
International Standard Book Number 9784990449414
035 ## - SYSTEM CONTROL NUMBER
System control number (Sirsi) u158506
041 0# - LANGUAGE CODE
Language code of text/sound track or separate title jap
050 04 - LIBRARY OF CONGRESS CALL NUMBER
Classification number 333.332 $2 18
110 2# - MAIN ENTRY--CORPORATE NAME
Corporate name or jurisdiction name as entry element Royal Institution of Chartered Surveyors
9 (RLIN) 4900
240 00 - UNIFORM TITLE
Uniform title Red Book
245 00 - TITLE STATEMENT
Title RICS valuation
Remainder of title professional standards January 2014, incorporating the IVSA International Valuation Standards
-- Japanese translation
Medium [electronic resource]
260 ## - PUBLICATION, DISTRIBUTION, ETC.
Place of publication, distribution, etc. London
Name of publisher, distributor, etc. RICS
Date of publication, distribution, etc. 2014
490 #0 - SERIES STATEMENT
Series statement RICS Guidance Note
490 #0 - SERIES STATEMENT
Series statement RICS Valuation Standards
520 ## - SUMMARY, ETC.
Summary, etc. Contains mandatory rules and best practice guidance for all RICS registered valuers undertaking valuation services worldwide. Fully compliant with International Valuation Standards (IVS) issued by the International Valuation Standards Council. Effective from 6 January 2014 and applies to all valuations where the valuation date is on or after that date. In Japanese.
650 24 - SUBJECT ADDED ENTRY--TOPICAL TERM
Topical term or geographic name entry element RICS VALUATION STANDARDS
651 #4 - SUBJECT ADDED ENTRY--GEOGRAPHIC NAME
Geographic name International
690 ## - LOCAL SUBJECT ADDED ENTRY--TOPICAL TERM (OCLC, RLIN)
Topical term or geographic name as entry element Valuation
9 (RLIN) 6273
942 ## - ADDED ENTRY ELEMENTS (KOHA)
Suppress in OPAC 0
Holdings
Withdrawn status Lost status Source of classification or shelving scheme Damaged status Not for loan Home library Current library Shelving location Date acquired Total Checkouts Full call number Barcode Date last seen Copy number Price effective from Koha item type
    Dewey Decimal Classification     London London RICS Boxes 01/04/2015   RICS 2014/24 30078269 06/08/2019 1 06/08/2019 Archive